000 01012cam a2200277 a 4500
001 000002743
005 20200929150241.0
008 810106s1980 sp b 001 p spa d
020 _a8424935497
040 _aDO-SdBNP
_bspa
_cBNPHU
041 1 7 _aspa
_hgrc
082 _a884.8
_bC578h
100 0 _aCirene, Calímaco de
_d310? - 235? A. C
_98639
245 1 0 _aHimnos, epigramas y fragmentos /
_cCalímaco ; introducciones, traducción y notas de Luis Alberto de Cuenca y Prado, Máximo Brioso Sánchez.
260 _aMadrid :
_bGredos,
_c1980.
300 _a318 p ;
_c20 cm.
490 1 _aBiblioteca Clásica Gredos ;
_vno. 33
504 _aIncluye índice
504 _aIncluye referencias bibliográficas y notas al pie de páginas
650 4 _aPoesía lírica
_93066
650 4 _aPoesía griega
_95285
700 1 _aCuenca y Prado, Luis Alberto de,
_d1950-
_etr.
_98640
700 1 _aBrioso Sánchez, Máximo,
_etr.
_98641
830 0 _aBiblioteca Clásica Gredos ;
_vno. 33
_98642
910 _aEn proceso
999 _c2577
_d2577